<?xml version="1.0" encoding="UTF-8"?>
<record
    xmlns:xsi="http://www.w3.org/2001/XMLSchema-instance"
    xsi:schemaLocation="http://www.loc.gov/MARC21/slim http://www.loc.gov/standards/marcxml/schema/MARC21slim.xsd"
    xmlns="http://www.loc.gov/MARC21/slim">

  <leader>01941    a2200229   4500</leader>
  <controlfield tag="001">32451</controlfield>
  <controlfield tag="005">20260407155623.0</controlfield>
  <controlfield tag="008">260407a1968    arg                 spa d</controlfield>
  <controlfield tag="003">AR-UNSa-BCEJYS</controlfield>
  <datafield tag="040" ind1=" " ind2=" ">
    <subfield code="a">AR-UNSa-BCEJYS</subfield>
    <subfield code="b">spa</subfield>
    <subfield code="c">AR-UNSa-BCEJYS</subfield>
  </datafield>
  <datafield tag="080" ind1=" " ind2=" ">
    <subfield code="a">658</subfield>
    <subfield code="x">Administraci&#xF3;n de empresas. Organizaci&#xF3;n comercial</subfield>
  </datafield>
  <datafield tag="245" ind1="1" ind2="0">
    <subfield code="a">Curso de administraci&#xF3;n moderna</subfield>
    <subfield code="p">un an&#xE1;lisis de las funciones de la administraci&#xF3;n</subfield>
  </datafield>
  <datafield tag="250" ind1=" " ind2=" ">
    <subfield code="a">3a. ed</subfield>
  </datafield>
  <datafield tag="264" ind1=" " ind2="1">
    <subfield code="a">Panam&#xE1; :</subfield>
    <subfield code="b">Libros McGraw-Hill</subfield>
    <subfield code="c">1968</subfield>
  </datafield>
  <datafield tag="300" ind1=" " ind2=" ">
    <subfield code="a">702 p.</subfield>
    <subfield code="c">23 cm.</subfield>
  </datafield>
  <datafield tag="505" ind1=" " ind2=" ">
    <subfield code="a">I. Los fundamentos de la administraci&#xF3;n: 1. El rol de los principios administrativos - 2. Esquemas del an&#xE1;lisis administrativo - 3. Las funciones del ejecutivo - 4. Autoridad y responsbilidad - II. La planificaci&#xF3;n: 5. Naturaleza y prop&#xF3;sito de la planificaci&#xF3;n - 6. Objetivos - 7. Premisas de la planificaci&#xF3;n - 8. La adopci&#xF3;n de las decisiones - 9. La formulaci&#xF3;n de pol&#xED;ticas - 10. Ejecuci&#xF3;n de la planificaci&#xF3;n - III. La organizci&#xF3;n: 11. Naturaleza y pr&#xF3;posito de la organizaci&#xF3;n - 12. El &#xE1;rea de la administraci&#xF3;n - 13. Departamentaci&#xF3;n b&#xE1;sica 14. La asignaci&#xF3;n de actividades - 15. Relaciones de autoridad entre la linea y la asesoria - 16. Departamento de servicio - 17. Descentralizaci&#xF3;n de autoridad - 18. Los comit&#xE9; - 19. Funcionamiento de la organiazaci&#xF3;n - IV. El desarrollo del personal: 20. La tarea del ejecutivo - 21. Selecci&#xF3;n de ejecutivo - 22. Clasificaci&#xF3;n de ejecutivos - 23. Desarrollo y adiestramiento de ejecutivos - V. La direcci&#xF3;n: 24. La naturaleza de la direcci&#xF3;n - 25. Motivaci&#xF3;n - 26. Comunicaciones - 27. Liderato - VI. El control: 28. El proceso de control - 29. T&#xE9;cnicas avanzadas de control - 30. Control global de la empresa - 31. Control de la calidad de la administraci&#xF3;n.</subfield>
  </datafield>
  <datafield tag="942" ind1=" " ind2=" ">
    <subfield code="c">BK</subfield>
  </datafield>
  <datafield tag="590" ind1=" " ind2=" ">
    <subfield code="a">niveau_biblio:m niveau_hierar:0</subfield>
  </datafield>
  <datafield tag="100" ind1="1" ind2=" ">
    <subfield code="a">Koontz, Harold</subfield>
  </datafield>
  <datafield tag="700" ind1="1" ind2=" ">
    <subfield code="a">O' Donnell, Cyril</subfield>
  </datafield>
  <datafield tag="700" ind1="1" ind2=" ">
    <subfield code="a">P&#xE9;rez Salgado, Ignacio</subfield>
  </datafield>
  <datafield tag="999" ind1=" " ind2=" ">
    <subfield code="c">2276</subfield>
    <subfield code="d">2276</subfield>
  </datafield>
  <datafield tag="952" ind1=" " ind2=" ">
    <subfield code="0">0</subfield>
    <subfield code="1">0</subfield>
    <subfield code="4">0</subfield>
    <subfield code="7">0</subfield>
    <subfield code="a">BCEJYS</subfield>
    <subfield code="b">BCEJYS</subfield>
    <subfield code="c">16</subfield>
    <subfield code="d">2026-04-07</subfield>
    <subfield code="l">0</subfield>
    <subfield code="o">658 K75 3ed.</subfield>
    <subfield code="p">L21651</subfield>
    <subfield code="r">2026-04-07 15:56:23</subfield>
    <subfield code="w">2026-04-07</subfield>
    <subfield code="y">L</subfield>
  </datafield>
  <datafield tag="952" ind1=" " ind2=" ">
    <subfield code="0">0</subfield>
    <subfield code="1">0</subfield>
    <subfield code="4">0</subfield>
    <subfield code="7">0</subfield>
    <subfield code="a">BCEJYS</subfield>
    <subfield code="b">BCEJYS</subfield>
    <subfield code="c">16</subfield>
    <subfield code="d">2026-04-07</subfield>
    <subfield code="l">0</subfield>
    <subfield code="o">658 K75 3ed.</subfield>
    <subfield code="p">L22911</subfield>
    <subfield code="r">2026-04-07 15:56:23</subfield>
    <subfield code="w">2026-04-07</subfield>
    <subfield code="y">L</subfield>
  </datafield>
</record>
